COVID-19 and Automation: Evidence from European Countries

Pridávame nové empirické dôkazy o prepojení medzi COVID-19, stratou zamestnania a automatizáciou. Toto je prvá analýza využívajúca európske údaje pokrývajúce obdobie do augusta 2022. Najprv ukazujeme, že počas druhého a tretieho roka pandémie pracovníci v automatizovaných povolaniach s väčšou pravde...

Ausführliche Beschreibung

Gespeichert in:
Bibliographische Detailangaben
1. Verfasser: Lábaj, Martin, 1982-
Weitere Verfasser: Vitáloš, Matej, 1993-
Format: Buchkapitel
Sprache:Englisch
Schlagworte:
Tags: Tag hinzufügen
Keine Tags, Fügen Sie das erste Tag hinzu!

MARC

LEADER 00000naa$a2200000$$$4500
001 0300185
005 20240927141124.8
041 0 |a eng 
044 |a US 
245 1 0 |a COVID-19 and Automation: Evidence from European Countries  |c Martin Lábaj, Matej Vitáloš 
520 |a Pridávame nové empirické dôkazy o prepojení medzi COVID-19, stratou zamestnania a automatizáciou. Toto je prvá analýza využívajúca európske údaje pokrývajúce obdobie do augusta 2022. Najprv ukazujeme, že počas druhého a tretieho roka pandémie pracovníci v automatizovaných povolaniach s väčšou pravdepodobnosťou stratia prácu. Tento efekt však zmizne po zohľadnení skutočnosti, že pracovníci s vysokým rizikom automatizácie mali väčšiu pravdepodobnosť, že prídu o prácu už pred COVID-19. 
610 2 0 |a pandémia 
610 2 0 |a automatizácia 
610 2 0 |a zamestnanie 
610 2 0 |a riziko 
610 2 0 |a strata 
610 2 0 |a práca 
100 1 |a Lábaj, Martin, 1982- 
700 1 |a Vitáloš, Matej, 1993-